000 01650cam a2200313La 4500
001 ivduetyhvhbesimh00zasl
003 CaSfIA
005 20210118104036.0
007 cr||||
008 050414s1997 oru 001 0 eng d
040 _aCLHU
_cAF#
_dCaSfIA
066 _c(2
035 _a(OCoLC)122820965
041 1 _aengheb
_hheb
130 0 _aSiddur (Zaslow).
_lEnglish & Hebrew.
245 1 0 _h[electronic resource]
_6880-01
_aIvdu et YHVH be-simhah =
_bIvdu et Hashem b'simcha : serving the Holy One with joy through Jewish songs, chants, hymns, prayers, blessings, meditations, poems, and teachings : a siddur for spiritual renewal /
_ccompiled and edited by David Zaslow.
246 3 0 _aSiddur for spiritual renewal
246 3 1 _aIvdu et Hashem b'simcha
260 _a[Ashland, Or. :
_bD. Zaslow,
_c1997]
300 _a[236] p. ;
_c28 cm.
500 _aIncludes index.
650 0 _aJewish renewal.
700 1 _aZaslow, David,
_cRabbi.
856 4 1 _uhttp://www.archive.org/details/ivduetyhvhbesimh00zasl
_zFree eBook from the Internet Archive
880 1 0 _6245-01/(2
_a
_bIvdu et Hashem b'simcha : serving the Holy One with joy through Jewish songs, chants, hymns, prayers, blessings, meditations, poems, and teachings : a siddur for spiritual renewal /
_ccompiled and edited by David Zaslow.
942 _cEB
506 _fНеобхідна авторизація на https://archive.org/ (створення облікового запису безкоштовно)
506 _fНеобхідна авторизація на https://openlibrary.org/ (створення облікового запису безкоштовно)
999 _c513491
_d513491